000 00431nam a2200169Ia 4500
005 20250109050759.0
008 240331s9999 xx 000 0 und d
020 _a0415082102
082 _bMOI
_22711
_a305.3
100 _aGatens, M
245 0 _aImaginary bodies:
_bEthics, Power and Corporeality
260 _aLondon
_aNew York
_bRoutledge
_c1996
300 _axvii, 163 p.,
650 _aEthics
650 _aGender
942 _cL
999 _c1570
_d1570